| 000 | 00691nam a22002057a 4500 | ||
|---|---|---|---|
| 005 | 20170628124048.0 | ||
| 010 | _aENG-119008 | ||
| 020 |
_a9788186098769 _c150.00 |
||
| 020 |
_a8186098763 _c150.00 |
||
| 035 | _aEN-102540 | ||
| 037 | _bDBAD/PUB | ||
| 082 | _a338.954 | ||
| 100 | _aKaushal, Pranjal | ||
| 245 |
_aPublic expenditure & economic growth in india: _ban empirical investigation / _cby Pranjal Kaushal [and] Siddharth Shastri |
||
| 260 |
_aJaipur _bNarayan Prakashan _c2017 |
||
| 270 | _aG-15, S.S. Tower, Dhamani Street, Chaura Rasta, Jaipur | ||
| 300 |
_a116p _c21cm.(Hb) |
||
| 500 | _aIncludes bibliographical refrence | ||
| 942 |
_2ddc _cEN _h338.954 _mKAU |
||
| 999 |
_c142092 _d142092 |
||